000 00554nam a2200229Ia 4500
003 OSt
005 20220918214432.0
006 a|||||r|||| 00| 0
007 ta
008 220917b |||||||| |||| 00| 0 eng d
024 _a137,517
037 _cTextual
040 _aARTS
_cARTS
_beng
041 _2eng
_aeng
082 _aXM25.2, K1
100 _aBanerjee J
_9131361
245 0 _aCooperative movement in India
260 _c1961
650 _aECONOMICS
942 _hXM25.2, K1
_cTEXL
_2CC
999 _c260597
_d260597